Fama póstuma de Lope de Vega / (Record no. 119618)

MARC details
000 -LEADER
campo de control de longitud fija 00656nam a2200205 4500
001 - NÚMERO DE CONTROL
campo de control 119618
003 - IDENTIFICADOR DE NÚMERO DE CONTROL
campo de control ES-MaACL
005 - FECHA Y HORA DE LA ÚLTIMA TRANSACCIÓN
campo de control 20251120063141.0
007 - CAMPO FIJO DE DESCRIPCIÓN FÍSICA--INFORMACIÓN GENERAL
campo de control de longitud fija t|
008 - DATOS DE LONGITUD FIJA--INFORMACIÓN GENERAL
campo de control de longitud fija 070214s1966 mx r ||||1| spa d
100 1# - ENTRADA PRINCIPAL--NOMBRE DE PERSONA
Nombre de persona Pérez de Montalbán, Juan,
Fechas asociadas al nombre 1602-1638
9 (RLIN) 90793
245 10 - MENCIÓN DEL TÍTULO
Título Fama póstuma de Lope de Vega /
Mención de responsabilidad, etc. Juan Pérez de Montalbán.
260 ## - PUBLICACIÓN, DISTRIBUCIÓN, ETC.
Lugar de publicación, distribución, etc. México :
Nombre del editor, distribuidor, etc. Rafael Peregina,
Fecha de publicación, distribución, etc. 1966.
300 ## - DESCRIPCIÓN FÍSICA
Extensión 49 p. con 4 lám. ;
Dimensiones 18 cm.
490 1# - MENCIÓN DE SERIE
Mención de serie Colección temas teatrales
830 0# - PUNTO DE ACCESO ADICIONAL DE SERIE-TÍTULO UNIFORME
Título uniforme Colección temas teatrales
9 (RLIN) 218613
852 ## - LOCALIZACIÓN
Ubicación ES-MaACL
Número de control de estantería C-30575
Sublocalización o colección R.70070
852 ## - LOCALIZACIÓN
Ubicación ES-MaACL
Número de control de estantería C-30576
Sublocalización o colección R.70069
Holdings
Estatus retirado Estado de pérdida Estado de daño No para préstamo Biblioteca de origen Biblioteca actual Ubicación en estantería Fecha de adquisición Fuente de adquisición Total de préstamos Signatura topográfica completa Código de barras Visto por última vez Precio de reemplazo Tipo de ítem Koha
        Biblioteca del Ateneo de Madrid Biblioteca del Ateneo de Madrid Depósito 2 17/01/2008     C-30576 1124684 23/02/2023 23/02/2023 Libro impreso
        Biblioteca del Ateneo de Madrid Biblioteca del Ateneo de Madrid Depósito 2 17/01/2008     C-30575 1124683 23/02/2023 23/02/2023 Libro impreso